Key data (Record no. 82064)

MARC details
000 -LEADER
fixed length control field 00759cam a22001935a 4500
001 - CONTROL NUMBER
control field L149119
008 - FIXED-LENGTH DATA ELEMENTS--GENERAL INFORMATION
fixed length control field 100113s2009 xxk 000 0 eng d
035 ## - SYSTEM CONTROL NUMBER
System control number (Sirsi) u149119
041 0# - LANGUAGE CODE
Language code of text/sound track or separate title eng
110 2# - MAIN ENTRY--CORPORATE NAME
Corporate name or jurisdiction name as entry element Asia Property
9 (RLIN) 5589
245 00 - TITLE STATEMENT
Title Key data
Remainder of title occupiers
260 ## - PUBLICATION, DISTRIBUTION, ETC.
Date of publication, distribution, etc. 2009
490 #0 - SERIES STATEMENT
Series statement Asia Property
Volume/sequential designation November 2009, 26(1)
520 ## - SUMMARY, ETC.
Summary, etc. Shanghai will be the first Chinese mainland city to develop a decentralised Grade A office market. Office leasings in Perth are increasing on the back of a boom in Western Australia?s mineral extraction and mining industries. Table covers prime Asian rents and yields, Q2 2009.
590 ## - LOCAL NOTE (RLIN)
Local note KA
651 #4 - SUBJECT ADDED ENTRY--GEOGRAPHIC NAME
Geographic name Asia Pacific
690 ## - LOCAL SUBJECT ADDED ENTRY--TOPICAL TERM (OCLC, RLIN)
Topical term or geographic name as entry element PROPERTY-COMMERCIAL PROPERTY-COMMERCIAL PROPERTY MARKET
942 ## - ADDED ENTRY ELEMENTS (KOHA)
Suppress in OPAC 0
Holdings
Withdrawn status Lost status Source of classification or shelving scheme Damaged status Not for loan Home library Current library Shelving location Date acquired Total Checkouts Full call number Barcode Date last seen Copy number Price effective from Koha item type
    Dewey Decimal Classification     London London Journal article 13/01/2010   L149119 149119-1001 06/08/2019 1 06/08/2019 Journal article